000 00606nam 22001813 4500
001 200955
090 _a200955
100 _a20260304d u||y0pory50 ba
200 _aO grande livro ilustrado da fotografia
_fJohn Hedgecoe
_gtradução e revisão técnica Joaquim Lobo
210 _aLisboa
_cCírculo de Leitores
_dimp. 1982
215 _a206, [3] p.
_cil. ; encadernado
_d30 cm
606 _94512
_aFotografia e processos similares
675 _a77
_vPT
_zpor
700 _916630
_aHedgecoe
_bJohn
_f1932-2010
702 _916631
_aLobo
_bJoaquim
_f1944-2011
801 _aPT
_bBMMN
_gRPC
830 _cVanda
990 _cLIVROS